UBT Library

San Rafael : (Record no. 40607)

000 -LEADER
fixed length control field 00868pam a2200241 a 4500
001 - CONTROL NUMBER
control field 3434258
005 - DATE AND TIME OF LATEST TRANSACTION
control field 20180119082252.0
008 - FIXED-LENGTH DATA ELEMENTS--GENERAL INFORMATION
fixed length control field 911023s1992 maua j 001 0 eng
010 ## - LIBRARY OF CONGRESS CONTROL NUMBER
LC control number 91039906
020 ## - INTERNATIONAL STANDARD BOOK NUMBER
International Standard Book Number 0395606454 :
Terms of availability $16.95
040 ## - CATALOGING SOURCE
Original cataloging agency DLC
Transcribing agency DLC
Modifying agency DLC
041 1# - LANGUAGE CODE
Language code of text/sound track or separate title eng
042 ## - AUTHENTICATION CODE
Authentication code lcac
043 ## - GEOGRAPHIC AREA CODE
Geographic area code nc-----
080 ## - UNIVERSAL DECIMAL CLASSIFICATION NUMBER
Universal Decimal Classification number 307.7609728 XAV
082 00 - DEWEY DECIMAL CLASSIFICATION NUMBER
Classification number 307.7609728 XAV
Edition number 20
100 1# - Rafti
Rafti 16
101 ## - Shkurtesa
Shkurtesa HIS
245 10 - TITLE STATEMENT
Title San Rafael :
Statement of responsibility, etc Xavier Hernández ; illustrated by Jordi Ballonga and Josep Escofet ; translated by Kathleen Leverich.
906 ## - LOCAL DATA ELEMENT F, LDF (RLIN)
a 7
b cbc
c orignew
d 1
e ocip
f 19
g y-gencatlg
942 ## - ADDED ENTRY ELEMENTS (KOHA)
Source of classification or shelving scheme
Item type Books
Holdings
Withdrawn status Lost status Source of classification or shelving scheme Damaged status Not for loan Collection code Permanent location Current location Shelving location Date acquired Total Checkouts Full call number Barcode Date last seen Price effective from Koha item type
          Koleksioni i përgjithshem UBT - Lipjan UBT - Lipjan Koleksioni i përgjithshem 01/19/2018   307.7609728 XAV 002-2995974 01/19/2018 01/19/2018 Books
UBT Library © 2015-2024. All rights reserved University Education for Business and Technology